000 00782nas a2200241 4500
001 BR0801232
003 BR-BrBNA
005 20231205111654.0
007 ta
008 230509b bl.|||p| |||| 00| 00por d
040 _aBR-BrBNA
_bpor
_cBiblioteca Nacional de Agricultura
041 _a(Pt)
072 _aK10
100 1 _aCésar, O.
245 1 _aNutrientes minerais da serapilheira produzida na mata mesófila semidecídua da fazenda barreiro rico, município de Anhembi, SP
650 _aSERAPILHEIRA
650 _aMACROELEMENTO
650 _aMICROELEMENTO
650 _aSÃO PAULO
773 0 _tRevista Brasileira de Biologia (Brazil)
_xISSN 0034-7108
_g(Nov 1993), v. 53(4) p. 659-669
_wBR0801232
909 _a202311
_bLúcia
_c55
_dLúcia Elande
942 _2AGRIS
_n0
_cANA
999 _c193878
_d193878